| 000 | 00685nam a2200205 i 4500 | ||
|---|---|---|---|
| 001 | 41142 | ||
| 003 | ES-MaACL | ||
| 005 | 20250804063400.0 | ||
| 007 | t| | ||
| 008 | 030310q1910 sp ||||1| spa d | ||
| 100 | 1 |
_aCascales Muñoz, José, _d1865-1933 _936269 |
|
| 245 | 1 | 3 |
_aEl apostolado moderno _b: estudio histórico-crítico de el socialismo y el anarquismo / _cpor José Cascales y Muñoz. |
| 260 |
_aBarcelona, etc. : _bF. Granada, _c[1910?] |
||
| 300 |
_aVI, 357 p. ; _c20 cm. |
||
| 490 | 1 | _aSociología contemporánea | |
| 830 | 0 |
_aSociología contemporánea _9229775 |
|
| 852 |
_aES-MaACL _jF-8691 |
||
| 852 |
_aES-MaACL _jB-3268 |
||
| 999 |
_c41142 _d41142 |
||